Skibidi Logos - Statistics

General Stats
  • This quiz has been taken 19 times
  • The average score is 8 of 16
Answer Stats
Picture Answer % Correct
Abercrombie
79%
Hermes
71%
Canada Goose
57%
Golden Goose
57%
Brooks Brothers
50%
La Martina
50%
Sanerik
50%
Scalpers
50%
Tommy Bahamas
50%
Alexander Mqueen
43%
Grey Goose
43%
Loro Piana
43%
Organic Starboy
43%
Valentino
43%
Brunello Cucinelli
36%
Patek Philippe
29%
No matching quizzes found
Score Distribution
Percent of People with Each Score
Percentile by Number Answered
Your Score History
You have not taken this quiz